000 00353nam a2200133Ia 4500
008 240624s9999 xx 000 0 und d
041 _aeng
082 _a332.17 CHA
100 _aCHAN LAU JORGE A
245 _aSYSTEMIC RISK ASSESSMENT AND OVERSIGHT
260 _c2013
_aLondon
_bRisk Books
300 _axviii, : 322 : p. : cm. ; 23
365 _cGBP
_b25
999 _c22637
_d22637